000 00508 a2200169 4500
003 OSt
005 20240111115309.0
008 240111b |||||||| |||| 00| 0 eng d
020 _a9878192034072
040 _coclc
082 _a297
_bZAR/M
100 _aZarabozo, Jamal aldin M
_910261
245 _aMuhammed bin Abdil Wahab jeevithavum darshanavum /
_cJamaluddin M Zarabozo
260 _aKerala:
_bDa'wa books,
_c2011
300 _a287p
942 _2ddc
_cBK
_h297
_iZAR/M
_k297
_mZAR/M
999 _c43142
_d43142